[Event "Steyr op"]
[Site "Steyr"]
[Date "2012.09.01"]
[Round "6"]
[White "Gruenberger, Erich"]
[Black "Gruenwald, Franz"]
[Result "1/2-1/2"]
[WhiteElo "1533"]
[BlackElo "1373"]
[PlyCount "85"]
[EventDate "2012.08.27"]
[EventType "swiss"]
[EventRounds "7"]
[EventCountry "AUT"]
[SourceTitle "CBM 150 Extra"]
[Source "ChessBase"]
[SourceDate "2012.10.19"]
[SourceVersion "1"]
[SourceVersionDate "2012.10.19"]
[SourceQuality "1"]

1. d4 d5 2. g3 Nf6 3. Bg2 e6 4. Nc3 c5 5. dxc5 Bxc5 6. e3 a6 7. Nf3 0-0 8. 0-0 Nc6 9. a3 Qc7 10. Nd4 b5 11. Nxc6 Qxc6 12. Ne2 Bb7 13. b4 Bb6 14. Bb2 Bd8 15. Rc1 Be7 16. Nd4 Qd6 17. Nf3 Nd7 18. Qe2 Nf6 19. Rfd1 Rac8 20. Bd4 Ne4 21. Nd2 Nc3 22. Bxc3 Rxc3 23. Ne4 Qc7 24. Nxc3 Qxc3 25. Rd3 Qc6 26. c3 Qc4 27. Qc2 Bf6 28. Qd1 Be5 29. Rd2 Qc7 30. Bf1 Bf6 31. a4 Bc6 32. axb5 axb5 33. Ra2 Rb8 34. Ra5 Qd6 35. Bg2 Qe5 36. Qd4 Qd6 37. Qd2 Bd8 38. Ra6 Qd7 39. Rca1 Bb7 40. R6a3 Bb6 41. Qe2 Rc8 42. Bf1 Rc4 43. Qd2 1/2-1/2